000 00265nam a22001217a 4500
082 _a030
_bCLA/B
100 _aCLARK CHAMP
245 _aTHE BADLANDS
260 _aALEXANDRIA
_bTIME LIFE BOKS
300 _a184
650 _aGENERAL KNOWLEDGE
_zALEXANDRIA
942 _cBK
999 _c2965
_d2965